Представление документа в формате RUSMARC

ПолеНазваниеЗначение
  Тип записи a
  Библиографический уровень c
001 Контрольный номер RU/IS/BASE/374068452
005 Дата корректировки 20230228123017.5
010 Индекс ISBN __
a ISBN 978-966-14-0431-0. - 978-966-14-0428-0. - 978-5-9910-0838-9. - 978-5-9910-0848-8
d Цена 287-43
101 Язык документа 0_
a Язык текста rus
200 Заглавие и сведения об ответственности 0_
a Заглавие Ася ; Вешние воды ; Накануне
f Первые сведения об ответственности Иван Сергеевич Тургенев ; [худож. Дарья Ракова]
b Общее обозначение материала Текст
210 Выходные данные 1_
a Место издания Харьков
a Место издания Белгород
c Издательство Клуб семейн. досуга
d Дата издания 2010
215 Физическое описание __
a Объем 381, [3] с.
c Иллюстрации/тип воспроизводства ил.
225 Серия 2_
a Серия Шедевры на все времена
327 Примечание о содержании 0_
a Примечание о содержании Вешние воды
327 Примечание о содержании 0_
a Примечание о содержании Накануне
517 Другие варианты заглавия 1_
a Другие варианты заглавия Вешние воды
517 Другие варианты заглавия 1_
a Другие варианты заглавия Накануне
606 Тематические рубрики __
a Основная рубрика Художественная литература
606 Тематические рубрики __
a Основная рубрика Русская литература XIX в. (произведения)
610 Ключевые слова 0_
a Ключевые слова повести; тема любви; тема первой любви; проза; классическая литература; романы; тема России; тема женщины; тема нравов; тема нравственности; тема общества; тема человека; тема дворянства; тема взаимопонимания; тема взаимоотношений
686 Индексы других классификаций __
a Классификационный индекс 84(2=411.2)52-4; ст84(2Рос=Рус)1-4
700 Автор _1
a Фамилия Тургенев
b Имя И. С.
g Полное личное имя Иван Сергеевич
4 Код отношения 070
702 Вторичная интеллектуальная ответственность _1
a Фамилия Ракова
b Имя Д.
4 Код отношения Художник
g Полное личное имя Дарья
4 Код отношения 040
801 Источник записи _0
a Страна RU
b Организация Муниципальное бюджетное учреждение культуры "Централизованная библиотечная система" г. Сургут (Центральная городская библиотека им. А. С. Пушкина)
g Правила каталогизации КиК/Лукашук
801 Источник записи _1
a Страна RU
b Организация Муниципальное бюджетное учреждение культуры "Централизованная библиотечная система" г. Сургут (Центральная городская библиотека им. А. С. Пушкина)
g Правила каталогизации КиК/Лукашук
852 Данные о местонахождении __
j Шифр хранения 84(2=411.2)52-4
i Авторский знак Т 87
901 Тип документа __
t Тип документа x
903 Характеристики (МАРС) __
a Дата передачи 20111108
969 Тип издания __
a Тип издания сборник
990 Данные о заказе (DOS) __
j Количество экземпляров (DOS) 1
t N записи в КСУ для И/У (DOS) 201111